[Event "2018 Spring Chess Classic B"]
[Site "Saint Louis"]
[Date "2018.03.07"]
[Round "2"]
[White "Chandra, Akshat"]
[Black "Grabinsky, Aaron"]
[Result "1-0"]
[WhiteElo "2490"]
[BlackElo "2375"]
[Annotator "TA"]
[PlyCount "109"]
[EventDate "2018.??.??"]
[EventType "tourn"]
[EventCountry "USA"]
[SourceTitle "playchess.com"]
[Source "ChessBase"]
[SourceQuality "1"]

{[%evp 39,109,45,45,50,47,45,63,48,106,68,114,104,99,101,113,109,115,94,127,111,113,118,118,47,132,116,170,132,118,129,127,131,153,153,143,151,150,141,264,248,264,269,259,269,272,265,304,286,300,298,271,275,398,402,382,349,301,244,512,589,529,583,661,593,675,673,639,639,975,947,29972,29970]} 1. Nf3 Nf6 2. c4 c5 3. d4 cxd4 4. Nxd4 b6 5. Nc3 Bb7 6. f3 e6 7. e4 d6 8. Be2 Nbd7 9. O-O Be7 10. Be3 O-O 11. Qd2 a6 12. Rfd1 Qc7 13. Rac1 Rac8 14. Kh1 Qb8 15. b4 Rfe8 16. a3 Bd8 17. Nb3 Bc7 {B44: Sicilian: Taimanov: 5 Nb5} 18. Bf4 Ne5 19. Bxe5 dxe5 20. c5 Red8 {[#] LiveBook: 5 Games} 21. Qa2 $146 ({Find the theoretical novelty and annotate with similar games:} 21. Qe3 b5 22. a4 bxa4 23. Nxa4 Rd4 24. Nxd4 exd4 25. Qg1 {1-0 (34) Eljanov,P (2663)-Kudrin,S (2551) Khanty-Mansiysk 2005}) 21... Rxd1+ 22. Rxd1 Rd8 23. Rc1 g5 ({Better is} 23... Nd7 $14) 24. Bf1 Kg7 25. cxb6 Bxb6 26. Na4 Be3 27. Re1 Ba7 28. Nac5 Rd6 29. Qa1 Nd7 30. Na5 Bc8 31. Nxd7 (31. Ncb3 $16) 31... Rxd7 ({Black should try} 31... Bxd7 $14 32. Qxe5+ f6) 32. Nc6 Qd6 (32... Qb6 $16 33. Nxa7 Rxa7) 33. Nxa7 ({But not} 33. Qxe5+ Qxe5 34. Nxe5 Rc7 $11) (33. Nxe5 $6 Bd4 $14) 33... Rxa7 34. Qc1 $36 {[%mdl 2048] White is in control.} Qd8 35. Qc5 Qc7 36. Rc1 Qxc5 37. Rxc5 $16 {[%mdl 4096] Endgame KRB-KRB} (37. bxc5 $6 Rc7 $14) 37... Bd7 38. Rxe5 Kf6 (38... Bb5 $16) 39. Ra5 $18 Rc7 {[#] And now ...Rc1 would win.} 40. Kg1 $1 (40. Rxa6 $2 Rc1 $17) 40... Rc1 {...Bb5 is the strong threat.} 41. Kf2 Rc2+ 42. Kg3 h5 {If Black can now play ...h4+ this consolidates a bit.} 43. e5+ ({Worse is} 43. Bxa6 h4+ 44. Kh3 e5+ 45. g4 Rf2 $11) 43... Ke7 44. Bxa6 ({Don't play} 44. Rxa6 $6 h4+ 45. Kh3 Rf2 $18) 44... f5 45. Bb5 f4+ (45... Bxb5 $142 46. Rxb5 Kd7) 46. Kh3 {[#] Black must now prevent Ra7.} Bxb5 47. Rxb5 {KR-KR} Kf7 48. Rb8 Rc3 $2 (48... Ra2 {keeps fighting.} 49. Rh8 Kg6) 49. a4 {[%cal Ba3a4,Ba4a5][%mdl 32]} g4+ 50. Kh4 Rc2 51. Kg5 Rxg2 52. Kxf4 Rf2 53. a5 Rxf3+ 54. Kg5 Rf5+ 55. Kh6 {Precision: White = 75%, Black = 33%.} 1-0

[Event "2018 Spring Chess Classic B"]
[Site "Saint Louis"]
[Date "2018.03.08"]
[Round "3"]
[White "Fier, Alexander"]
[Black "Chandra, Akshat"]
[Result "1/2-1/2"]
[WhiteElo "2582"]
[BlackElo "2490"]
[Annotator "TA"]
[PlyCount "133"]
[EventDate "2018.??.??"]
[EventType "tourn"]
[EventCountry "USA"]
[SourceTitle "playchess.com"]
[Source "ChessBase"]
[SourceQuality "1"]

{[%evp 25,133,10,7,0,0,0,0,0,0,0,16,19,25,24,33,4,4,4,22,-23,-21,-24,-26,-24,-24,-69,-25,-25,-21,-13,-20,-62,0,-99,0,0,0,0,0,-4,0,0,1,0,0,0,0,0,0,0,4,4,7,7,8,8,14,8,8,10,183,160,160,160,170,83,75,48,48,48,72,72,70,70,68,68,164,156,174,72,71,29,29,0,0,0,0,0,8,0,0,0,6,0,0,0,0,0,0,0,0,-8,-8,-8,-8,-8,0,0,0,0]} 1. d4 Nf6 2. c4 e6 3. Nc3 Bb4 4. e3 O-O 5. Bd3 c5 6. Nf3 d5 7. O-O dxc4 8. Bxc4 b6 9. a3 Bxc3 10. bxc3 Qc7 11. Bd3 Bb7 {E54: Nimzo-Indian: Rubinstein: Main Line: 7...dxc4 8 Bxc4} 12. Bb2 Nbd7 13. Qe2 Be4 {LiveBook: 6 Games} 14. c4 Rfd8 {[#]} 15. a4 $146 ({Predecessor:} 15. Rfd1 Bxd3 16. Qxd3 cxd4 17. exd4 Rac8 18. Rac1 Qb7 19. Qb3 Rc7 {1-0 (61) Zhang,P (2570)-Ni,H (2704) China 2015}) 15... Rac8 16. Bxe4 Nxe4 17. Rfc1 Qb7 18. a5 Nb8 19. axb6 axb6 20. Rab1 Nc6 21. Ba1 Na5 22. Qb2 cxd4 23. Nxd4 e5 24. Nf5 f6 25. Qa2 Qf7 26. Rxb6 Qxc4 27. Qxc4+ Rxc4 {[%cal Rc4c1]} 28. Rcb1 Rc7 ({Better is} 28... Rc2 $15 29. f3 Nd2) 29. g4 (29. f3 $11 Nd2 30. Rb8) 29... Nd2 (29... Rc2 $17 30. R6b2 Rdd2 31. Rxc2 Rxc2) 30. Rb8 $11 Rxb8 31. Rxb8+ Kf7 32. Kg2 Nc6 33. Rh8 Ra7 34. Bb2 Ra2 35. Bc3 {Strongly threatening Bxd2.} Ne4 36. Be1 Ra1 37. Rc8 Rxe1 38. Rxc6 {[%mdl 4096] Endgame KRN-KRN} g6 39. Rc7+ Kg8 40. Nh6+ Kf8 41. Rf7+ Ke8 42. Rxh7 Re2 $2 (42... Rb1 $11) 43. Rh8+ $1 $18 Ke7 44. Kf3 $1 {[%cal Rf3e2]} Nc3 45. h4 (45. Rh7+ $18 {and White stays clearly on top.} Ke8 46. g5 $1 {[%mdl 512]} e4+ 47. Kg3 fxg5 48. Rg7) 45... e4+ $16 46. Kg3 {Hoping for h5.} Nd1 47. h5 gxh5 48. Nf5+ Kf7 49. Rh7+ Kg8 50. Rd7 Re1 ({Black should play} 50... h4+ $14 51. Kxh4 Nxf2) 51. gxh5 $18 Rg1+ {[#]} 52. Kh2 (52. Kf4 $1 $18 {is the precise move to win. Black must now prevent Nh6+.} Rf1 53. Nh6+ (53. Kxe4 Nxf2+ 54. Kd5 Rh1 $18) 53... Kf8 54. Kxe4) 52... Rg5 $16 53. Ne7+ Kf8 $1 54. Nd5 Nxf2 {The position is equal.} 55. Nxf6 Rf5 56. Nh7+ Ke8 $132 {[%mdl 2048] Black puts up resistance} 57. Ra7 Rxh5+ 58. Kg3 {And now Nf6+ would win.} Rf5 59. Kh4 Nd1 60. Ra4 Kf7 61. Ng5+ Kg6 62. Ra3 Nxe3 {aiming for ...Ng2+.} 63. Nxe4 Rf4+ 64. Kg3 Rxe4 65. Kf3 Re6 66. Rxe3 Rxe3+ 67. Kxe3 {Precision: White = 55%, Black = 58%.} 1/2-1/2

[Event "2018 Spring Chess Classic B"]
[Site "Saint Louis"]
[Date "2018.03.08"]
[Round "3"]
[White "Fier, Alexander"]
[Black "Chandra, Akshat"]
[Result "*"]
[WhiteElo "2582"]
[BlackElo "2490"]
[Annotator "TA"]
[PlyCount "37"]
[EventDate "2018.??.??"]
[EventType "tourn"]
[EventCountry "USA"]
[SourceTitle "playchess.com"]
[Source "ChessBase"]
[SourceQuality "1"]

{[%evp 23,25,9,22,8]} 1. d4 Nf6 2. c4 e6 3. Nc3 Bb4 4. e3 O-O 5. Bd3 c5 6. Nf3 d5 7. O-O dxc4 8. Bxc4 b6 9. a3 Bxc3 10. bxc3 Qc7 11. Bd3 Bb7 {E54: Nimzoindisch (Moderne Variante)} 12. Bb2 Nbd7 {LiveBook: 15 Partien} 13. Qe2 {Vorgänger:} Be4 $146 14. Nd2 Bxd3 15. Qxd3 Rac8 16. Rac1 Rfd8 17. e4 Qf4 18. Qe2 b5 19. g3 {½-½ (73) Naroditsky,D (2622)-Gauri,S (2307) Chicago 2015} *

[Event "2018 Spring Chess Classic B"]
[Site "Saint Louis"]
[Date "2018.03.08"]
[Round "3"]
[White "Khachiyan, Melikset"]
[Black "Ali Marandi, Cemil Can"]
[Result "1-0"]
[WhiteElo "2525"]
[BlackElo "2538"]
[Annotator "TA"]
[PlyCount "85"]
[EventDate "2018.??.??"]
[EventType "tourn"]
[EventCountry "USA"]
[SourceTitle "playchess.com"]
[Source "ChessBase"]
[SourceQuality "1"]

{[%evp 12,85,20,-2,0,-62,46,24,40,0,35,28,31,20,32,0,99,43,49,45,42,32,35,25,35,23,37,36,31,29,71,70,62,60,78,75,97,104,92,87,96,88,153,149,144,150,156,157,197,214,225,225,239,233,320,300,430,417,500,486,441,464,454,439,500,477,688,653,2100,1563,2321,2872,2345,831,2100,1920]} 1. e4 e6 2. d4 d5 3. Nc3 Nf6 4. Bg5 dxe4 5. Nxe4 Be7 6. Bxf6 gxf6 7. c4 {LiveBook: 17 Partien. C13: Französische Verteidigung (Klassisches System)} (7. Nf3 f5 8. Nc3 a6 9. Qd2 b5 10. O-O-O b4 11. Na4 Qd5 12. b3 Bd7 13. Bc4 Qd6 14. d5 e5 15. Rhe1 e4 16. Nd4 {1-0 (40) Carlsen,M (2832)-Grischuk,A (2750) chess.com INT 2017}) 7... b6 8. Be2 (8. Nc3 $11) 8... Nc6 $146 (8... Bb7 $1 $15 9. Bf3 Nc6) ({Vorgänger:} 8... Bb7 9. Bf3 c6 10. Ne2 Qc7 11. d5 cxd5 12. cxd5 Bxd5 13. Rc1 Qd7 14. Nf4 Bb7 15. O-O f5 16. Nd6+ Bxd6 17. Bxb7 Qxb7 18. Qxd6 Qd7 19. Qe5 {1-0 (19) Almagro Llamas,P (2317)-Horcajada Reales,G (2118) Madrid 2005}) 9. Nf3 {Weiß steht etwas besser.} Bb7 10. Nc3 Rg8 11. d5 exd5 12. cxd5 {Und Lb5 würde nun gewinnen.} Nb4 {[%cal Rb4d5]} 13. Qa4+ Qd7 (13... Kf8 $11 {hält das Gleichgewicht.}) 14. Bb5 ({Besser ist} 14. Qxd7+ $1 $16 Kxd7 15. O-O-O) 14... c6 $14 15. dxc6 Bxc6 16. Bxc6 Qxc6 17. Qxc6+ Nxc6 18. Nd5 O-O-O 19. Nxe7+ Nxe7 20. O-O Nd5 21. Rac1+ Kb7 22. Rc4 a5 23. a3 h5 24. h3 Nc7 25. Rf4 Rg6 26. Nh4 Rg5 ({Günstiger ist} 26... Rh6) 27. Rxf6 $16 Rd7 28. Re1 Rb5 {[#]} 29. Re2 $1 Ne6 30. Nf3 Rc7 31. Ne5 Nd4 32. Re4 Nc2 33. Rxf7 Rxf7 (33... h4 {war einen Versuch wert.} 34. Rxc7+ Kxc7) 34. Nxf7 $18 Rxb2 {[%mdl 4096] Endspiel [#] KTS-KTS} 35. g4 $1 {Weiß steht klar auf Gewinn.} Rb1+ 36. Kh2 hxg4 37. hxg4 {[%cal Bh3g4,Bg4g5][%mdl 32]} Rf1 38. Rf4 Ne1 (38... Ka6 $142 39. g5 Nd4) 39. Ne5 {g5 ist eine echte Drohung.} Kc7 40. g5 Kd6 41. Nc4+ Ke7 42. Nd2 (42. Ne3 $142 Nf3+ 43. Rxf3) 42... Nd3 43. Re4+ {Precision: Weiß = 62%, Schwarz = 22%.} 1-0

[Event "2018 Spring Chess Classic B"]
[Site "Saint Louis"]
[Date "2018.03.08"]
[Round "3"]
[White "Kannapan, Priyadharshan"]
[Black "Liang, Awonder"]
[Result "1/2-1/2"]
[WhiteElo "2513"]
[BlackElo "2570"]
[Annotator "TA"]
[PlyCount "69"]
[EventDate "2018.??.??"]
[EventType "tourn"]
[EventCountry "USA"]
[SourceTitle "playchess.com"]
[Source "ChessBase"]
[SourceQuality "1"]

{[%evp 9,69,18,18,24,8,21,13,13,10,14,8,0,14,0,0,0,0,0,0,0,0,0,0,0,0,0,6,-10,14,16,15,0,7,15,10,6,9,0,0,0,0,0,0,0,0,0,0,0,0,0,0,0,0,0,0,0,0,0,0,0,0,0]} 1. e4 c5 2. Nf3 d6 3. Bb5+ Nd7 4. O-O a6 5. Bd3 Ngf6 6. Re1 {B51: Sicilian: Moscow Variation (3 Bb5+) without 3...Bd7} e6 7. c3 {The position is equal.} b5 8. a4 Bb7 9. Bc2 c4 10. d4 (10. axb5 axb5 11. Rxa8 Qxa8 12. Na3 Bxe4 13. Bxe4 Nxe4 {0-1 (59) Amin,B (2693)-Vidit,S (2718) Wijk aan Zee 2018}) 10... cxd3 11. Bxd3 bxa4 12. Qxa4 Be7 13. e5 $146 dxe5 14. Nxe5 O-O {[#] Threatens to win with ...Nxe5.} 15. Nxd7 Qxd7 16. Qxd7 Nxd7 17. Be3 Rfd8 18. Ra5 Nf6 19. Bf1 Rd5 20. Rxd5 (20. Ra2 {keeps more tension.} Rdd8 21. Na3 Nd5 22. Bd4 Bc6 23. g3) 20... Bxd5 21. Nd2 a5 22. Ra1 Rb8 23. Nc4 Bxc4 24. Bxc4 Rxb2 25. Rxa5 Rb1+ 26. Bf1 {Black must now prevent Ra8+.} h6 27. g3 Ng4 28. Bd4 {[#]} Nxh2 $1 {[%mdl 512]} 29. Kxh2 Rxf1 $11 {[%mdl 4096] Endgame KRB-KRB} 30. Ra8+ Kh7 31. Kg2 Rc1 32. Ra7 Bd6 33. Rd7 Bb8 34. Rb7 Bd6 35. Rd7 {Precision: White = 83%, Black = 89%.} 1/2-1/2

[Event "2018 Spring Chess Classic B"]
[Site "Saint Louis"]
[Date "2018.03.08"]
[Round "3"]
[White "Shtembuliak, Evgeny"]
[Black "Mikhalevski, Victor"]
[Result "1-0"]
[WhiteElo "2507"]
[BlackElo "2557"]
[Annotator "TA"]
[PlyCount "75"]
[EventDate "2018.??.??"]
[EventType "tourn"]
[EventCountry "USA"]
[SourceTitle "playchess.com"]
[Source "ChessBase"]
[SourceQuality "1"]

{[%evp 15,75,44,33,15,26,22,13,18,39,39,24,15,20,0,0,0,39,22,23,0,27,19,0,0,39,27,82,0,113,98,141,129,197,187,216,173,168,159,314,316,306,312,320,276,806,130,806,806,768,741,1659,1533,29965,5637,29993,29968,29966,29967,29990,29986,29986,29987]} 1. d4 Nf6 2. c4 g6 3. Nc3 d5 4. cxd5 Nxd5 5. e4 Nxc3 6. bxc3 Bg7 7. Qa4+ Nc6 {D85: Exchange Grünfeld: Unusual White 7th moves and lines with 7 Nf3} (7... Qd7 8. Qb3 O-O 9. Nf3 c5 10. Be3 b6 11. Rd1 Qc7 12. Be2 Nd7 13. e5 e6 14. h4 Bb7 15. h5 {½-½ (55) Nakamura,H (2781)-Vachier Lagrave,M (2793) Caleta 2018}) 8. Nf3 O-O {LiveBook: 4 Games} 9. Ba3 $146 ({Find the theoretical novelty and annotate with similar games:} 9. Bg5 h6 10. Be3 e5 11. Rd1 exd4 12. cxd4 Re8 13. d5 Bc3+ 14. Nd2 Nd4 15. Bd3 {1-0 (53) Pataki,G (2343)-Liptay,L (2346) Hungary 2010}) 9... Bg4 {The position is equal.} 10. Be2 Qd7 {White should prevent ...Nxd4.} 11. Qc2 Na5 12. Rd1 {Threatens to win with Ne5.} Bxf3 13. gxf3 Qh3 14. Bxe7 Rfe8 15. Ba3 Qg2 16. Rf1 Qxh2 17. Bd3 b6 18. Ke2 c5 {aiming for ...c4.} 19. Bb5 Rec8 {Strongly threatening ...cxd4.} 20. dxc5 $1 Bf8 (20... Nc6 $11) 21. Bd7 ({White should try} 21. Rh1 $16 Qf4 22. Rd5) 21... Rc7 (21... Rd8 $11 {remains equal.}) 22. Rh1 $16 Qe5 23. Rd5 Qf6 (23... Qh8 $16) 24. c4 $1 $18 {And now Bb2 would win.} Rxc5 25. Bb2 Rxc4 26. Qb1 $1 (26. Bxf6 Rxc2+ 27. Rd2 Rc4 $17) 26... Qe7 $2 {[#]} (26... Rc3 $16 27. f4 (27. Bxc3 Qxc3 28. Qd3 Qxd3+ 29. Kxd3 Rd8 $16) 27... Rd8) 27. Rdh5 $3 {[%cal Rh5h7][%mdl 512]} Qxd7 (27... gxh5 28. Qg1+) 28. Rxh7 {[%csl Gb2,Gh1][%cal Rh7h8]} Rd4 {[#] ( -> ...Qb5+)} 29. Qd3 $1 {[%mdl 512]} Nc6 $2 (29... Rd8) (29... Rxd3 30. Rh8#) 30. Rh8+ $40 {[%mdl 128] White wants a kill.} Kg7 {[#]} 31. e5 $1 Nxe5 32. Qxd4 Qb5+ 33. Kd1 Re8 34. f4 {[%cal Bf3f4,Bf4e5][%mdl 32]} Bd6 35. Rxe8 {White mates.} Qxe8 36. fxe5 ({Worse is} 36. Qxd6 Qa4+ 37. Ke2 Qe4+ 38. Kd1 (38. Kd2 Qxf4+ 39. Kd1 Qa4+ 40. Kc1 Qc4+ 41. Kd1 Qa4+ 42. Kc1 Qc4+ 43. Kd1 Qg4+ 44. Kd2 Qf4+ 45. Ke2 Qf3+ 46. Ke1 Qxh1+ 47. Kd2 f6 $11) 38... Qa4+ 39. Kd2 Qxf4+ 40. Ke1 Qe4+ 41. Kd2 Qf4+ 42. Kd1 Qa4+ 43. Ke1 Qe4+ 44. Kd2 Qf4+ $11) 36... Bc5 37. Qh4 Qd7+ 38. Kc1 {Precision: White = 76%, Black = 37%.} 1-0

[Event "2018 Spring Chess Classic B"]
[Site "Saint Louis"]
[Date "2018.03.08"]
[Round "3"]
[White "Grabinsky, Aaron"]
[Black "Gorovets, Andrey"]
[Result "0-1"]
[WhiteElo "2375"]
[BlackElo "2496"]
[Annotator "TA"]
[PlyCount "126"]
[EventDate "2018.??.??"]
[EventType "tourn"]
[EventCountry "USA"]
[SourceTitle "playchess.com"]
[Source "ChessBase"]
[SourceQuality "1"]

{[%evp 15,126,12,15,10,28,-8,-15,-59,-76,-71,-66,-85,-87,-80,-68,-121,-111,-158,-118,-131,-125,-179,-176,-180,-185,-191,-197,-241,-231,-232,-229,-245,-260,-238,-219,-224,0,-206,-83,-78,-59,-32,0,-300,-293,-362,-357,-351,-266,-291,-286,-289,-294,-292,-261,-205,-41,-47,-43,-105,-49,-75,-79,-81,-37,-608,-608,-604,-586,-604,-532,-498,-445,-1049,-529,-511,-500,-651,-647,-639,-620,-2340,-1324,-1756,-1756,-1398,-1361,-869,-852,-1922,-1468,-1954,-1896,-29985,-29986,-29986,-29987,-29987,-29988,-29988,-29989,-29989,-29982,-29980,-29980,-29980,-29981,-29987,-29988,-29993,-29989,-29994,-29995]} 1. d4 d5 2. Bf4 c5 3. e3 cxd4 4. exd4 Nc6 5. c3 Bf5 (5... Nf6 6. Bd3 Bg4 7. Qb3 Qc8 8. Nd2 e6 9. Ngf3 Bh5 10. O-O Be7 11. Rae1 a6 12. Qc2 Bg6 13. Ne5 Nxd4 14. Qa4+ Nc6 15. Nxg6 hxg6 16. Nf3 b5 17. Qd1 Qd7 18. a4 bxa4 19. Qxa4 {1-0 (84) Nakamura,H (2780)-Topalov,V (2749) Saint Louis 2017}) 6. Nf3 {B13: Caro-Kann: Exchange Variation and Panov-Botvinnik Attack} e6 7. Nbd2 Bd6 8. Bxd6 Qxd6 {LiveBook: 3 Games} 9. Bb5 Nge7 10. Ne5 $146 ({Predecessor:} 10. Qe2 O-O 11. O-O a6 12. Bd3 Bxd3 13. Qxd3 {0-1 (58) Medeiros,T (1865)-De Almeida,S (1802) Blumenau 2014}) 10... O-O 11. Ndf3 f6 {[%cal Bf7f6,Bf6e5,Be5e4][%mdl 32]} 12. Nxc6 bxc6 13. Bd3 Bxd3 14. Qxd3 e5 15. dxe5 ({White should play} 15. Nd2 $15) 15... fxe5 $17 16. Qe2 Ng6 17. O-O Rae8 {[%cal Ba8e8,Be8e6,Be6h6][%mdl 32]} 18. Rae1 (18. Qe3 $17) 18... e4 $19 19. Nd4 c5 20. Nb3 Ne5 21. Qd1 Re6 22. Re3 Nc4 23. Re2 Rh6 $40 {[%csl Gh6][%cal Rd6h2][%mdl 128] White is in trouble.} 24. h3 Ne5 {( -> ...Nf3+!)} 25. Re3 Nc4 26. Re2 $1 Rf5 (26... Rg6 $19 27. Kh1 Ne5) 27. Nd2 $17 Ne5 28. Re3 $1 Rg6 {Hoping for ...Nd3.} 29. Kh1 $2 {[%mdl 8192]} (29. f3 $1 $11 {and White has nothing to worry.}) 29... Nd3 $19 30. Kg1 Nf4 ({Weaker is} 30... Nxb2 31. Qb3 $15) 31. g4 {intending Nxe4!} Rfg5 32. c4 h5 {[%cal Rh5g4]} 33. cxd5 Rxd5 34. Qb3 hxg4 35. Nxe4 gxh3+ $2 (35... Nxh3+ $19 36. Kg2 Nf4+ 37. Kg1 Qf8) 36. Kh1 $15 Qb6 {[#]} 37. Qc4 {[#]} (37. Nxc5 $1 $15 {[%mdl 512]} Qxb3 (37... Qxc5 38. Qb8+) 38. Nxb3) 37... Qb4 (37... Re6 $1 $17 {Strongly threatening ...Rd4.} 38. Qc2 Qb7) 38. Qc2 Qb5 39. Rfe1 Qc6 {And now ...Ng2 would win.} 40. Rg3 $2 {[%mdl 8192] [#]} (40. Qb3 $15 Kh7 41. Rg3) 40... Rxg3 $1 $19 41. fxg3 Nd3 42. Re3 Ne5 43. Qe2 Rd4 {...Nc4 is the strong threat.} 44. b3 (44. Kh2 $142 Nc4 45. Rd3 Rxe4 46. Rd8+ Kf7 47. Qh5+ g6 48. Qf3+ Ke6 49. Rf8) 44... Qd7 45. Nc3 Ng4 46. Re8+ Kf7 47. Re4 Qf5 {aiming for ...Nf2+.} 48. Re8 {[#]} Rd2 $1 {[%mdl 512]} 49. Qe7+ (49. Qxd2 Qf1#) 49... Kg6 {[%cal Rf5f1]} 50. Qe6+ Qxe6 51. Rxe6+ {[%mdl 4096] Endgame KRN-KRN} Kf5 52. Re2 Rd3 53. Rc2 Rxg3 54. Na4 Re3 {[%cal Re3e1] Black mates.} 55. Rc1 Kf4 56. Nxc5 Kg3 57. Rg1+ Kh4 58. Rf1 Re2 59. Nd3 Rh2+ 60. Kg1 Rxa2 61. b4 Kg3 62. Kh1 Rh2+ 63. Kg1 Rd2 {Precision: White = 40%, Black = 64%.} 0-1

[Event "2018 Spring Chess Classic B"]
[Site "Saint Louis"]
[Date "2018.03.09"]
[Round "4"]
[White "Gorovets, Andrey"]
[Black "Mikhalevski, Victor"]
[Result "1/2-1/2"]
[WhiteElo "2496"]
[BlackElo "2557"]
[Annotator "TA"]
[PlyCount "103"]
[EventDate "2018.??.??"]
[EventType "tourn"]
[EventCountry "USA"]
[SourceTitle "playchess.com"]
[Source "ChessBase"]
[SourceQuality "1"]

{[%evp 9,103,-9,18,12,19,18,25,0,20,-16,-19,-24,-25,-32,-35,-80,-47,-43,16,16,11,23,17,12,16,15,28,23,44,9,14,12,39,29,25,23,64,54,54,56,104,96,164,93,108,112,111,108,108,109,109,109,109,108,121,108,157,151,148,140,140,121,131,126,172,131,131,89,89,89,89,89,89,89,89,89,89,89,89,0,89,89,89,89,96,96,96,96,96,96,96,96,96,18,18,18]} 1. d4 Nf6 2. Bf4 d5 3. e3 Bg4 4. f3 Bd7 (4... Bc8 5. Nc3 e6 6. e4 Bb4 7. Qd3 O-O 8. O-O-O b6 9. Nge2 c5 10. exd5 Ba6 11. Qe3 exd5 12. a3 Bxc3 13. Nxc3 Bxf1 14. Rhxf1 Nc6 {1-0 (32) Wei,Y (2727)-Ma,Q (2637) China 2017}) 5. Nc3 c5 6. dxc5 {D00: 1 d4 d5: Unusual lines} Qa5 7. Qd2 Nc6 $146 ({Predecessor:} 7... Qxc5 8. O-O-O e6 9. e4 Bc6 10. exd5 Nxd5 11. Nxd5 Qxd5 12. Qxd5 Bxd5 {½-½ (64) Mamut,I (2276)-Sanchez,L (2284) Budapest 2006}) 8. Rd1 {White has an edge.} O-O-O 9. Nge2 e5 10. Bg5 Be6 11. Nc1 d4 12. Nb5 {Threatening Qxa5.} Nb4 ({Of course not} 12... Bxc5 $6 13. Qxa5 Nxa5 14. Nd3 $11) (12... Qxd2+ {feels hotter.} 13. Rxd2 Bxc5 14. exd4 exd4 15. Nd3 Be7) 13. exd4 Bxc5 (13... Nxc2+ $1 $15 14. Kf2 Qxd2+ 15. Bxd2 Nxd4 16. Nxd4 Bxc5) 14. Nd3 $1 $11 {[%cal Rd3c5]} Nxd3+ 15. Bxd3 Qxd2+ 16. Bxd2 exd4 17. b4 $36 {[%mdl 2048] White fights for an advantage.} Bb6 $1 18. a4 a6 19. a5 axb5 20. axb6 Nd5 21. Bxb5 Nxb6 22. Bd3 Nc4 23. Bf4 Rhe8 24. Kf2 b5 25. Rhe1 ({Much worse is} 25. Bxh7 $6 g6 $14) 25... Kb7 (25... h5 $16 {keeps fighting.}) 26. h4 ({Much weaker is} 26. Bxh7 $6 g6 $14) (26. Be4+ $18 Kb6 27. Bxh7) 26... h6 27. g4 Kb6 28. Bxc4 Bxc4 29. Be5 f6 30. Bxd4+ Kc6 31. c3 Ra8 32. Ra1 Rxe1 33. Rxa8 $16 {[%mdl 4096] Endgame KRB-KRB} Re7 34. h5 Kd5 35. Ra6 Bb3 36. Kg3 Bc4 37. Bc5 Rd7 38. Ra1 Ke6 39. Bd4 Kf7 40. Ra8 Re7 41. Bc5 Re8 42. Ra7+ Kg8 43. Bd4 Rf8 44. Bc5 (44. Kh4 $16) 44... Rf7 (44... Re8 $1 $11) 45. Ra8+ Kh7 46. Rd8 f5 47. Bd4 fxg4 48. fxg4 Be2 49. Re8 Bc4 50. Be5 Rf1 51. Re7 ({White should try} 51. Rd8 $16) 51... Rf7 $1 $11 {[%cal Rf7e7]} 52. Rxf7 {Precision: White = 64%, Black = 62%.} 1/2-1/2

[Event "2018 Spring Chess Classic B"]
[Site "Saint Louis"]
[Date "2018.03.10"]
[Round "5"]
[White "Fier, Alexandr"]
[Black "Gorovets, Andrey"]
[Result "0-1"]
[WhiteElo "2582"]
[BlackElo "2496"]
[Annotator "TA"]
[PlyCount "80"]
[EventDate "2018.??.??"]
[EventType "tourn"]
[EventCountry "USA"]
[SourceTitle "playchess.com"]
[Source "ChessBase"]
[SourceQuality "1"]

{[%evp 13,80,6,6,-17,30,34,32,47,64,54,72,61,75,70,71,63,67,69,60,75,87,70,80,25,31,-28,-33,-22,-24,-45,-62,-252,-281,-293,-257,-342,-119,-118,-115,-109,-117,-175,-162,-217,-208,-207,-208,-208,-208,-187,-212,-219,-211,-289,-289,-322,-162,-294,-275,-352,-344,-554,-351,-554,-452,-29959,-29965,-6939,-6195]} 1. d4 d5 2. c4 e6 3. Nc3 Bb4 4. Nf3 dxc4 5. Qa4+ Nc6 6. e3 {D31: Queen's Gambit Declined: Semi-Slav without ...Nf6 (+ Marshall Gambit and Noteboom) and Exchange Variation lines without ...Nf6} (6. a3 Bxc3+ 7. bxc3 Qd5 8. Nd2 b5 9. Qc2 Bb7 10. e4 Qd7 11. a4 a6 12. Rb1 Na5 {½-½ (21) Dreev,A (2653)-Grischuk,A (2772) Riadh 2017}) 6... Bd7 7. Qc2 b5 {LiveBook: 4 Games} 8. Be2 {The position is equal.} Ba5 $146 {Black wants to play ...b4.} ({Predecessor:} 8... a6 9. O-O Nge7 10. Ne4 f5 11. Ng3 Nd5 12. e4 fxe4 13. Qxe4 {0-1 (38) Bern,I (2317)-Salomon,J (2476) Norway 2018}) 9. O-O Nb4 10. Qb1 Nf6 11. Bd2 c5 12. dxc5 Na6 13. Ne4 {Strongly threatening Nd6+.} Bxd2 14. Nfxd2 {And now a4 would win.} O-O 15. a4 Nxe4 16. Nxe4 {Rd1 is the strong threat.} bxa4 17. Bxc4 Nb4 18. f4 (18. Rd1 $16) 18... Qc7 $11 19. Qd1 (19. g4 $14) 19... Bc6 20. Nd6 Qa5 21. Qh5 Nc2 22. Bd3 $2 (22. Nxf7 $1 $15 Rxf7 23. Bxe6) 22... g6 $19 23. Qe5 Nxa1 ({And not} 23... Qd2 24. Be4 $11) 24. Be4 Nb3 $2 (24... Bxe4 $19 {is more deadly.} 25. Nxe4 Nb3 26. Nf6+ Kh8 27. Ne4+ f6 $1 {[%mdl 512]} 28. Nxf6 Qxc5 29. Nd5+ Kg8 30. Qxe6+ Rf7) 25. Bxc6 $17 Qxc5 26. Bxa8 Rxa8 27. Ne4 (27. g3 $17 {keeps fighting.}) 27... Qxe3+ $19 28. Kh1 {[#]} (28. Rf2 $142 Qd4 29. Nf6+ Kg7 30. Ne4+ Qxe5 31. fxe5) 28... Qd4 $1 29. Qxd4 Nxd4 {[%mdl 4096] Endgame KRN-KRN} 30. Ra1 Rb8 31. Rxa4 Rxb2 {[%cal Rb2b1]} 32. h4 Nf5 33. h5 gxh5 {[%cal Bg6h5,Bh5h4,Bh4h3][%mdl 32]} 34. Rxa7 Rb1+ 35. Kh2 h4 36. Kh3 h5 {[%cal Rb1h1]} 37. Kh2 $2 (37. Nf2) 37... Kg7 38. Ra2 (38. Nd2 {was called for.} Rb4 39. Nf3) 38... Ne3 {( -> ...Ng4+)} 39. g3 (39. Nf2 $19) 39... Ng4+ 40. Kg2 {[#]} h3+ $1 {Precision: White = 42%, Black = 83%.} 0-1